Kenmerkende Aspecten - Statistieken

Algemene statistieken
  • Deze quiz is 5 keer genomen
  • De gemiddelde score is 8 van 49
Antwoordstatistieken
# Antwoord % Correct
31 De industriële revolutie
67%
1 De levenswijze van jagers-verzamelaars
67%
34 De opkomst van emancipatiebewegingen
67%
2 Het ontstaan van de landbouw en landbouwsamenlevingen
67%
23 Absolutisme
33%
30 Democratische revoluties in westerse landen
33%
36 De opkomst van politiek-maatschappelijke stromingen: liberalisme, nationalisme, socialisme, confessionalisme en feminisme
33%
49 De pluriforme en multiculturele samenlevingen
33%
21 De reformatie
33%
32 De sociale kwestie
33%
27 De Verlichting
33%
18 Het begin van de Europese overzeese expansie
33%
22 Het conflict in de Nederlanden waardoor de Republiek ontstond
33%
3 Het ontstaan van de eerste steden
33%
40 Het voeren van 2 wereldoorlogen (WO1 en WO2)
33%
33 Modern imperialisme
33%
29 Plantagekolonies, trans-Atlantische slavenhandel en abolitionisme
33%
35 Verdere democratisering met meer kiesrecht (in de 19e eeuw)
33%
28 Verlicht absolutisme
33%
24 De bijzondere plaats in staatkundig opzicht en de economische en culturele bloei van de Republiek
0%
7 De botsing tussen de Grieks-Romeinse cultuur en de Germaanse cultuur
0%
39 De crisis van het wereldkapitalisme
0%
46 De dekolonisatie
0%
42 De Duitse bezetting van Nederland
0%
47 De Europese eenwording
0%
16 De expansie van de christelijke wereld naar buiten toe, o.a. via de kruistochten
0%
13 De groei van handel en ambacht waardoor een agrarisch-urbane samenleving herleefde
0%
6 De groei van het Romeinse imperium met de verspreiding van de Grieks-Romeinse cultuur
0%
20 De hernieuwde oriëntatie op de klassieke Oudheid
0%
15 De investituurstrijd
0%
5 De klassieke vormentaal
0%
45 De Koude Oorlog
0%
8 De ontwikkeling van het jodendom en het christendom als de eerste monotheïstische godsdiensten
0%
4 De ontwikkeling van wetenschappelijk denken en het denken over politiek van de oude Grieken
0%
9 De verspreiding van het christendom in geheel Europa
0%
11 De vervanging in West-Europa van de agrarisch-urbane cultuur door een zelfvoorzienende agrarische cultuur, met hofstelsel en horigheid
0%
26 De wetenschappelijke revolutie
0%
43 Enorme verwoestingen door massavernietigingswapens en de betrokkenheid van de burgerbevolking bij oorlogvoering
0%
48 Grotere westerse welvaart die vanaf de jaren 1960' zorgde voor ingrijpende sociaal-culturele veranderingen
0%
17 Het begin van staatsvorming en centralisatie
0%
38 Het in praktijk brengen van de totalitaire ideologieën communisme en fascisme/nationaalsocialisme
0%
12 Het leenstelsel
0%
10 Het ontstaan en de verspreiding van de Islam
0%
19 Het veranderde mens- en wereldbeeld van de Renaissance en het begin van een nieuwe wetenschappelijke belangstelling
0%
37 Moderne propaganda- en communicatiemiddelen en massaorganisaties
0%
14 Opkomst van de stedelijke burgerij en de toenemende zelfstandigheid van steden
0%
41 Racisme en discriminatie die leidden tot genocide, vooral op de joden
0%
44 Verzet tegen het West-Europese imperialisme
0%
25 Wereldwijde handelscontacten, handelskapitalisme en het begin van een wereldeconomie
0%
Geen overeenkomende quizzen gevonden
Scoreverdeling
Procent van Mensen met Elke Score
Percentiel versus Aantal Correcte Antwoorden
Uw Scoregeschiedenis
U heeft deze quiz nog niet genomen